Taylor Swift - The Life of a Showgirl Tracklist Sudden Death - Statistics

General Stats
  • This quiz has been taken 67 times
  • The average score is 11 of 12
Answers on the Grid
Answers color-coded by a green-red scale on the quiz's grid according to % correct below.
Wood
Honey
Wi$h Li$t
The Life of a Showgirl
Father Figure
Eldest Daughter
Opalite
Elizabeth Taylor
The Fate of Ophelia
CANCELLED!
Ruin The Friendship
Actually Romantic
So High School
Long Live
Blank Space
You Belong With Me
Breathe
Fortnight
Invisible
22
Daylight
Love Story
Shake It Off
Haunted
 
Answer Stats
Answer % Correct
The Fate of Ophelia
100%
Actually Romantic
98%
Eldest Daughter
98%
Father Figure
98%
The Life of a Showgirl
98%
CANCELLED!
96%
Ruin The Friendship
96%
Elizabeth Taylor
93%
Opalite
93%
Wi$h Li$t
93%
Wood
93%
Honey
91%
No matching quizzes found
Score Distribution
Percent of People with Each Score
Percentile by Number Answered
Your Score History
You have not taken this quiz